| 000 | 01520nam a22004457i 4500 | ||
|---|---|---|---|
| 999 |
_c27948 _d27919 |
||
| 003 | EG-ScBUE | ||
| 005 | 20200127115033.0 | ||
| 008 | 200126t2001 cc f d 000 0 eng d | ||
| 020 | _a7800525384 | ||
| 020 | _a9787800525384 | ||
| 040 |
_aEG-ScBUE _beng _erda _cEG-ScBUE _dEG-ScBUE |
||
| 041 | 1 |
_aeng _hchi |
|
| 082 | 0 | 4 |
_a495.182421 _bHUA _222 |
| 100 | 1 |
_aHuang, Weizhi, _eauthor. |
|
| 240 | 1 | 0 |
_aJing mao zhong ji Han yu kou yu. _lEnglish |
| 245 | 1 | 0 |
_aBusiness Chinese = _b经贸中级汉语口语, _pIntermediate / _cHuang Weizhi ; [Huang Zhenhua fan yi] |
| 246 | 3 | 1 | _a经贸中级汉语口语 |
| 246 | 3 | 0 | _aIntermediate |
| 250 | _aFirst edition. | ||
| 250 | _aRevised edition. | ||
| 264 | 1 |
_aBeijing, China : _bSinolingua, _c[2001] |
|
| 264 | 4 | _cc 2001 | |
| 300 |
_a2 volumes ; _c21 cm |
||
| 336 |
_2rdacontent _atext _btxt |
||
| 337 |
_2rdamedia _aunmediated _bn |
||
| 338 |
_2rdacarrier _avolume _bnc |
||
| 500 | _aIncludes glossary. | ||
| 505 | 0 | _aBook one. | |
| 546 | _aText in English ; translated from the original Chinese language. | ||
| 590 | _aI-UNIVLIB: Confucius Institute gift. | ||
| 650 | 7 |
_aChinese language _vTextbooks for foreign speakers _xEnglish. _2BUEsh |
|
| 650 | 7 |
_aChinese language _xBusiness Chinese. _2BUEsh |
|
| 650 | 7 |
_aChinese language _vReaders. _2BUEsh |
|
| 653 |
_bHHUUCCHH _cJanuary2020 |
||
| 655 | _vReading book | ||
| 700 | 1 |
_aHuang, Zhenhua, _etranslator. |
|
| 942 |
_2ddc _cBB |
||
| 987 |
_aPINYIN _bMA _dc |
||